000 00313nam a2200133Ia 4500
008 240112s1971 xx 000 0 und d
041 _aeng
082 _a618.9205
100 _aFARBER S.J.
245 _aAMERICAN JOU. OF MEDICAL SCIENCE
260 _bOWNERS & PUB.
_c1971
300 _a370,HB
440 _v261
999 _c1141999
_d1141999